Most Subscribed YouTube Channels - Statistics

General Stats
  • This quiz has been taken 69 times
  • The average score is 7 of 30
Answer Stats
Rank Subscribers Channel % Correct
#1 24.156.101 PewDiePie
92%
#3 16.864.856 Smosh
65%
#8 11.828.593 nigahiga
50%
#6 12.803.881 JennaMarbles
44%
#15 8.810.210 Justin Bieber
32%
#5 13.071.300 Rihanna
32%
#19 7.370.899 TheFineBros
32%
#7 12.452.916 One Direction
31%
#12 10.766.091 Ray William Johnson
27%
#11 10.810.291 Katy Perry
24%
#2 21.901.254 YouTube
24%
#9 11.529.800 Eminem
23%
#14 9.015.913 SkyDoesMinecraft
23%
#4 16.245.935 HolaSoyGerman
18%
#25 6.889.891 officialpsy
18%
#13 9.312.480 Epic Rap Battles of History
16%
#24 6.977.084 Captain Sparklez
15%
#26 6.871.984 Freddiew
15%
#20 7.315.422 Taylor Swift
15%
#27 6.969.700 VSauce
15%
#10 10.844.159 Machinima
13%
#22 7.168.475 RoosterTeeth
8%
#16 8.532.254 TheEllenShow
8%
#30 6.368.574 TobyGames
8%
#29 6.544.150 Bruno Mars
6%
#28 6.752.173 BlueXephos
3%
#23 7.033.733 syndicate project
3%
#18 7.746.127 PortadosFundos
2%
#21 7.174.052 Skrillex
2%
#17 7.751.773 werevertumorrow
2%
No matching quizzes found
Score Distribution
Percent of People with Each Score
Percentile by Number Answered
Your Score History
You have not taken this quiz